000 00291nam a22001337a 4500
003 SGT
100 _aGOYAL, R.K
245 _aA TEXT BOOK OF HOSPITAL PHARMACY
250 _a4th
260 _aB.S. SHAH
_bDELHI
_c1993
650 _a PHARMACY
653 _aHOSPITAL, PHARMACY
942 _2ddc
_cBK
999 _c24629
_d24629